Los Saavedra y los Fajardo en Murcia (Record no. 150528)

MARC details
000 -LEADER
campo de control de longitud fija 00670nam a2200193 i 4500
001 - NÚMERO DE CONTROL
campo de control 150528
003 - IDENTIFICADOR DE NÚMERO DE CONTROL
campo de control ES-MaACL
005 - FECHA Y HORA DE LA ÚLTIMA TRANSACCIÓN
campo de control 20250930063128.0
007 - CAMPO FIJO DE DESCRIPCIÓN FÍSICA--INFORMACIÓN GENERAL
campo de control de longitud fija t|
008 - DATOS DE LONGITUD FIJA--INFORMACIÓN GENERAL
campo de control de longitud fija 071031s1957 sp ||||1| spa d
100 1# - ENTRADA PRINCIPAL--NOMBRE DE PERSONA
Nombre de persona Válgoma y Díaz-Varela, Dalmiro de la,
Fechas asociadas al nombre 1904-1990
9 (RLIN) 112691
245 14 - MENCIÓN DEL TÍTULO
Título Los Saavedra y los Fajardo en Murcia
Resto del título : nobiliario /
Mención de responsabilidad, etc. Dalmiro de la Válgoma y Díaz Varela.
260 ## - PUBLICACIÓN, DISTRIBUCIÓN, ETC.
Lugar de publicación, distribución, etc. [S.l. :
Nombre del editor, distribuidor, etc. s.n.],
Fecha de publicación, distribución, etc. 1957 (
Lugar de fabricación/manufactura Vigo :
Fabricante Gráf. Noroeste)
300 ## - DESCRIPCIÓN FÍSICA
Extensión 366 p., 19 lám. :
Otras características físicas il. ;
Dimensiones 24 cm.
600 14 - PUNTO DE ACCESO ADICIONAL DE MATERIA--NOMBRE DE PERSONA
Nombre de persona Fajardo (Familia)
9 (RLIN) 157810
600 14 - PUNTO DE ACCESO ADICIONAL DE MATERIA--NOMBRE DE PERSONA
Nombre de persona Saavedra (Familia)
9 (RLIN) 157811
852 ## - LOCALIZACIÓN
Ubicación ES-MaACL
Número de control de estantería C-27388
Sublocalización o colección R.56479
Holdings
Estatus retirado Estado de pérdida Estado de daño No para préstamo Biblioteca de origen Biblioteca actual Ubicación en estantería Fecha de adquisición Fuente de adquisición Total de préstamos Signatura topográfica completa Código de barras Visto por última vez Precio de reemplazo Tipo de ítem Koha
        Biblioteca del Ateneo de Madrid Biblioteca del Ateneo de Madrid Depósito 2 17/01/2008     C-27388 1157073 23/02/2023 23/02/2023 Libro impreso